Loading...
| Science - Biology | 0 | 5 | 2 | 1 | 40 | 97 | 110.40 | 2 | 5 |
| Other - Geo/CE | 2 | 1 | 1 | 0 | 35 | 25 | 64.33 | 2 | 3 |
| Other - Other Academic | 0 | 3 | 0 | 3 | 30 | 121 | 128.00 | 1 | 3 |
| Thought - Social Science | 1 | 1 | 0 | 1 | 25 | 63 | 93.00 | 0 | 2 |
| History - World History | 0 | 3 | 1 | 2 | 25 | 101 | 119.33 | 0 | 3 |
| Other - Pop Culture | 0 | 2 | 0 | 0 | 20 | 107 | 109.00 | 0 | 2 |
| History - Euro History | 0 | 2 | 0 | 2 | 20 | 114 | 115.50 | 0 | 2 |
| Science - Chemistry | 0 | 3 | 2 | 2 | 20 | 106 | 114.67 | 1 | 3 |
| Arts - Other Arts | 1 | 0 | 0 | 0 | 15 | 71 | 71.00 | 1 | 1 |
| Beliefs - Mythology | 0 | 1 | 0 | 0 | 10 | 94 | 94.00 | 0 | 1 |
| Science - Other Science | 0 | 1 | 0 | 0 | 10 | 102 | 102.00 | 0 | 1 |
| Science - Physics | 0 | 1 | 0 | 0 | 10 | 111 | 111.00 | 0 | 1 |
| Beliefs - Religion | 0 | 1 | 0 | 1 | 10 | 133 | 133.00 | 0 | 1 |
| Arts - Music | 0 | 1 | 1 | 0 | 5 | 86 | 86.00 | 1 | 1 |